000 00857nam a2200253Ia 4500
003 OSt
005 20220923221059.0
006 a|||||r|||| 00| 0
007 ta
008 220922b |||||||| |||| 00| 0 hin d
024 _a194,725
037 _cTextual
040 _aARTS
_cARTS
_bhin
041 _2hin
_ahin
082 _aO152,3M58w, N3
100 _aपाण्डेय, ओमप्रकाश
245 0 _aअम्बिकादत्त व्यास
246 _aAmbikādatta vyāsa
260 _aनयी दिल्ली
_b साहित्य अकादमी
_c1993
300 _a78पृ.
_ccm.
490 _aभारतीय साहित्य के निर्माता
942 _hO152,3M58w, N3
_cTEXL
_2CC
999 _c346989
_d346989